MyGZULibrary

Strategic management : (Record no. 7422)

MARC details
000 -LEADER
fixed length control field 01073cam a2200277 a 4500
001 - CONTROL NUMBER
control field 15966498
003 - CONTROL NUMBER IDENTIFIER
control field GZU
005 - DATE AND TIME OF LATEST TRANSACTION
control field 20210510122357.0
008 - FIXED-LENGTH DATA ELEMENTS--GENERAL INFORMATION
fixed length control field 091029s2011 nyuab b 001 0 eng
010 ## - LIBRARY OF CONGRESS CONTROL NUMBER
LC control number 2009045538
020 ## - INTERNATIONAL STANDARD BOOK NUMBER
International Standard Book Number 8185386315
035 ## - SYSTEM CONTROL NUMBER
System control number (OCoLC)ocn436028029
040 ## - CATALOGING SOURCE
Original cataloging agency DLC
Transcribing agency DLC
Modifying agency BTCTA
-- C#P
-- BWX
-- YDXCP
-- DLC
050 00 - LIBRARY OF CONGRESS CALL NUMBER
Classification number HD30.28
Item number .PEA 2003
100 1# - MAIN ENTRY--PERSONAL NAME
Personal name Pearce, John A.
Relator term author
245 10 - TITLE STATEMENT
Title Strategic management :
Remainder of title formulation, implementation, and control /
Statement of responsibility, etc. John A. Pearce II, Richard B. Robinson, Jr.
250 ## - EDITION STATEMENT
Edition statement 3rd edition.
260 ## - PUBLICATION, DISTRIBUTION, ETC.
Place of publication, distribution, etc. Delhi :
Name of publisher, distributor, etc. A.I.T.B.S. Publishers and Distributors,
Date of publication, distribution, etc. c2003.
300 ## - PHYSICAL DESCRIPTION
Extent 1 v. (various pagings) :
Other physical details ill., maps ;
Dimensions 27 cm.
504 ## - BIBLIOGRAPHY, ETC. NOTE
Bibliography, etc. note Includes bibliographical references and indexes.
650 #0 - SUBJECT ADDED ENTRY--TOPICAL TERM
Topical term or geographic name entry element Strategic planning.
700 1# - ADDED ENTRY--PERSONAL NAME
Personal name Robinson, Richard B.
Fuller form of name (Richard Braden),
Dates associated with a name 1947-
Relator term author
906 ## - LOCAL DATA ELEMENT F, LDF (RLIN)
a 7
b cbc
c orignew
d 1
e ecip
f 20
g y-gencatlg
942 ## - ADDED ENTRY ELEMENTS (KOHA)
Source of classification or shelving scheme Library of Congress Classification
Koha item type Books
Edition 3rd edition.
Classification part 30.28
Item part PEA
Call number prefix HD
Holdings
Withdrawn status Lost status Source of classification or shelving scheme Damaged status Not for loan Collection code Home library Current library Shelving location Date acquired Inventory number Total Checkouts Full call number Barcode Date last seen Copy number Price effective from Koha item type
    Library of Congress Classification     Non-fiction Mashava Campus Library Mashava Campus Library General Stacks 05/10/2021 3680   HD30.28 PEA 2003 3680 05/10/2021 c. 1 05/10/2021 Books